| 000 | 00964nam a2200253Ia 4500 | ||
|---|---|---|---|
| 003 | OSt | ||
| 005 | 20220930094935.0 | ||
| 006 | a|||||r|||| 00| 0 | ||
| 007 | ta | ||
| 008 | 220926b |||||||| |||| 00| 0 hin d | ||
| 024 | _a55979 | ||
| 037 | _cTheses | ||
| 040 |
_aCRL _cCRL _bhin |
||
| 041 |
_2hin _ahin |
||
| 100 | _aलक्ष्मी, ले. | ||
| 110 |
_aदिल्ली विश्वविद्यालय. कला संकाय. हिंदी विभाग _9556845 |
||
| 245 | 0 | _aजगदीशचन्द्र के उपन्यासों में किसान। | |
| 246 | _aJagadīshachandra ke upanyāsoan mean kisāna। | ||
| 260 | _c2016 | ||
| 300 |
_a248 पृ. _ap. _ccm. |
||
| 700 |
_aदिल्ली विश्वविद्यालय. कला संकाय. हिंदी विभाग _9556846 |
||
| 942 |
_cDIS _2CC |
||
| 999 |
_c888009 _d888009 |
||